[Event "IIFL Wealth  4th Mumbai Junior U-13"]
[Site "Mumbai"]
[Date "2018.12.31"]
[Round "2"]
[White "Gukesh D"]
[Black "Shrey Nilkant"]
[Result "1-0"]
[WhiteElo "2466"]
[BlackElo "1466"]
[Annotator "TA"]
[PlyCount "49"]
[EventDate "2018.12.30"]
[EventType "swiss"]
[EventCountry "IND"]
[SourceTitle "playchess.com"]
[Source "ChessBase"]
[SourceQuality "1"]

{[%evp 16,49,1,-7,0,-17,-8,-24,-12,-8,-12,-2,-28,-98,-91,-125,-85,-105,-73,-99,21,11,101,107,94,85,104,100,587,583,577,583,575,576,649,637]} 1. Nf3 d5 2. g3 c6 3. Bg2 Bg4 4. O-O Nd7 5. d3 Ngf6 6. h3 Bh5 7. Qe1 {A07: Réti Opening: New York and Capablanca Systems} e5 8. e4 Bd6 9. exd5 {LiveBook: 5 Games. The position is equal.} Nxd5 10. Nxe5 Nxe5 11. d4 O-O {White must now prevent ...Nf3+.} 12. dxe5 Re8 13. f4 f6 {[%cal Rf6e5,Bf7f6,Bf6f5][%mdl 32] [#]} 14. e6 $146 (14. g4 $11 Bf7 15. Qf2) ({Predecessor:} 14. Nd2 fxe5 {1-0 (42) Howell,D (2689)-Brunello,S (2552) Batumi 2018}) 14... f5 $17 15. Bd2 Qb6+ 16. Kh1 Qxb2 17. Nc3 Nxc3 (17... Nb4 $17 18. Rb1 Qxc2) 18. Bxc3 $11 Qxc2 {[#]} (18... Qa3 $1 $11 {remains equal.}) 19. Rf2 $1 $16 {[%cal Rf2c2,Bf1f2,Bf2d2,Bd2d6][%mdl 32]} Qa4 {Black wants to play ...Qc4.} 20. Rd2 $36 {[%mdl 2048] White is in control.} Rad8 21. Rb1 Qc4 $2 {[%mdl 8192] [#]} (21... b6 $16 {is a better chance.}) 22. Rxd6 $1 $18 {[%mdl 512] White is clearly winning.} Rxd6 23. Qe5 {[%csl Gc3][%cal Re5g7]} Re7 24. Qxd6 Rxe6 25. Qd7 {Precision: White = 49%, Black = 33%.} 1-0

[Event "IIFL Wealth  4th Mumbai Junior U-13"]
[Site "Mumbai"]
[Date "2018.12.31"]
[Round "2"]
[White "Pranav Vijay"]
[Black "Nanal Arnav"]
[Result "1-0"]
[WhiteElo "2265"]
[BlackElo "1456"]
[Annotator "NA"]
[PlyCount "215"]
[EventDate "2018.12.30"]
[EventType "swiss"]
[EventCountry "IND"]
[SourceTitle "playchess.com"]
[Source "ChessBase"]
[SourceQuality "1"]
[TimeControl "40/5400+30:1800+30"]

1. e4 {[%emt 0:00:00]} c6 {[%emt 0:00:27]} 2. Nc3 {[%emt 0:00:00]} d5 {[%emt 0:00:43]} 3. Qe2 {[%emt 0:00:00] B11: Caro-Kann: Two Knights Variation} (3. Nf3 Bg4 4. h3 Bxf3 5. Qxf3 e6 6. Qg3 Ne7 7. d3 Nd7 8. Be2 g6 9. O-O Bg7 10. Kh1 O-O 11. f4 Kh8 12. Bf3 b5 13. a3 a5 {1-0 (69) McShane,L (2672)-Rodshtein,M (2674) Batumi 2018}) 3... d4 {[%emt 0:03:20]} 4. Nd1 {[%emt 0:00:02]} e5 {[%emt 0:02:59]} 5. g3 {[%emt 0:00:18]} Nf6 {[%emt 0:02:16]} 6. Bg2 {[%emt 0:00:27] LiveBook: 3 Games} Bg4 {[%emt 0:03:44]} 7. Nf3 $146 {[%emt 0:00:11]} ({Predecessor:} 7. f3 Bh5 8. d3 Nbd7 9. Nh3 Bb4+ 10. c3 Bc5 {½-½ (61) Ugrinovsky,A (2212)-Narciso,M (2217) ICCF email 2014}) 7... Nbd7 {[%emt 0:00:31]} 8. h3 {[%emt 0:03:07]} Bh5 {[%emt 0:01:46]} 9. d3 {[%emt 0:00:45]} Be7 {[%emt 0:01:44]} 10. O-O {[%emt 0:03:11]} O-O {[%emt 0:01:58]} 11. g4 {[%emt 0:00:17]} Bg6 {[%emt 0:00:21]} 12. Nh4 {[%emt 0:00:44]} Ne8 {[%emt 0:09:31]} 13. Nxg6 {[%emt 0:01:26]} fxg6 {[%emt 0:03:34]} ({Don't play} 13... hxg6 $6 14. f4 $11) 14. f4 {[%emt 0:00:10] [#]} Nc7 {[%emt 0:04:55]} (14... exf4 $1 $17 15. Bxf4 Nc7) 15. f5 $1 {[%emt 0:05:34]} g5 {[%emt 0:08:21]} (15... a5 $11) 16. Bf3 {[%emt 0:01:44]} h6 {[%emt 0:08:17]} 17. Bd2 {[%emt 0:01:26]} a5 {[%emt 0:04:59]} 18. Qh2 {[%emt 0:00:50]} Na6 {[%emt 0:11:27]} 19. Nf2 {[%emt 0:03:20]} Nc7 {[%emt 0:15:41]} 20. Kg2 {[%emt 0:00:36]} Ne8 {[%emt 0:01:11]} 21. c3 {[%emt 0:03:10]} c5 {[%emt 0:01:46]} 22. Rac1 {[%emt 0:00:38]} Nd6 {[%emt 0:01:25]} 23. Rc2 {[%emt 0:01:14]} a4 {[%emt 0:04:18]} 24. Rfc1 {[%emt 0:00:19]} Nb5 {[%emt 0:00:45]} 25. Be2 {[%emt 0:04:51]} b6 {[%emt 0:01:29]} 26. Nh1 {[%emt 0:02:21]} Kh8 {[%emt 0:01:40]} 27. Ng3 {[%emt 0:00:51]} Nf6 {[%emt 0:00:39]} 28. c4 {[%emt 0:01:51]} Nd6 {[%emt 0:00:26]} 29. Bf3 {[%emt 0:00:54]} Nf7 {[%emt 0:00:38]} 30. Nf1 {[%emt 0:00:42]} Qd7 {[%emt 0:00:34]} 31. Qg3 {[%emt 0:00:46]} Rfb8 {[%emt 0:00:45]} 32. Be1 {[%emt 0:02:04]} Qd8 {[%emt 0:00:47]} 33. Nd2 {[%emt 0:00:39]} Ra7 {[%emt 0:00:51]} 34. Be2 {[%emt 0:00:17]} Rd7 {[%emt 0:00:59]} 35. Rd1 {[%emt 0:00:14]} Nh7 {[%emt 0:00:48]} 36. Nf3 {[%emt 0:00:20]} Bf6 {[%emt 0:00:05]} 37. Rb1 {[%emt 0:00:44]} Ra7 {[%emt 0:01:00]} 38. Bd1 {[%emt 0:01:54]} Rba8 {[%emt 0:00:42]} 39. Rf2 {[%emt 0:01:28]} Qe7 {[%emt 0:01:12]} 40. Bc2 {[%emt 0:00:00]} Qd8 {[%emt 0:00:00]} 41. Bd2 {[%emt 0:00:42]} Qe7 {[%emt 0:01:08]} 42. Rh1 {[%emt 0:00:21]} Qd8 {[%emt 0:02:20]} 43. h4 {[%emt 0:01:06]} Qe7 {[%emt 0:00:57]} 44. Kf1 {[%emt 0:01:35]} Kg8 {[%emt 0:00:54]} 45. Rfh2 {[%emt 0:00:17]} Qd6 {[%emt 0:03:22]} 46. Ke2 {[%emt 0:01:30]} Rd8 {[%emt 0:08:32]} 47. Rb1 {[%emt 0:01:56]} Rda8 {[%emt 0:01:37]} 48. b4 {[%emt 0:00:29]} Rb8 {[%emt 0:02:50]} 49. Rhh1 {[%emt 0:00:39]} Qd8 {[%emt 0:01:40] [#]} (49... b5 $11 {remains equal.}) 50. bxc5 {[%emt 0:02:34]} (50. hxg5 $1 $16 Bxg5 51. Nxg5 (51. Nxe5 $2 Qd6 $19) 51... Nhxg5 52. Bxg5 Qxg5 53. bxc5) 50... bxc5 {[%emt 0:00:17]} (50... gxh4 $11 51. Nxh4 bxc5) 51. Rxb8 {[%emt 0:00:08]} Qxb8 {[%emt 0:00:17]} 52. Rb1 {[%emt 0:00:09]} Qd8 {[%emt 0:04:18]} 53. h5 {[%emt 0:00:12]} Nf8 {[%emt 0:00:46]} 54. Qe1 {[%emt 0:01:06]} Nd6 {[%emt 0:01:06]} 55. Qd1 {[%emt 0:00:11]} Qa8 {[%emt 0:01:48]} 56. Rb6 {[%emt 0:00:16]} Nc8 {[%emt 0:00:28]} 57. Rb5 {[%emt 0:00:53]} Nd7 {[%emt 0:00:23]} 58. a3 {[%emt 0:01:02]} Nd6 {[%emt 0:00:12]} 59. Rb2 {[%emt 0:00:12]} Bd8 {[%emt 0:01:25]} 60. Qb1 {[%emt 0:00:25]} Bf6 {[%emt 0:00:08]} 61. Be1 {[%emt 0:00:08]} Kh7 {[%emt 0:00:40]} 62. Bg3 {[%emt 0:00:43]} Ra6 {[%emt 0:01:35]} 63. Kf2 {[%emt 0:00:36]} Ra5 64. Kg2 {[%emt 0:00:16]} Ra6 {[%emt 0:01:26]} 65. Kf2 {[%emt 0:00:56]} Ra5 {[%emt 0:00:03]} 66. Qh1 {[%emt 0:00:09]} Ra6 {[%emt 0:00:59]} 67. Ke2 {[%emt 0:00:27]} Ra5 {[%emt 0:00:36]} 68. Ng1 {[%emt 0:00:57]} (68. Qh2 $16) 68... Ra7 {[%emt 0:02:31]} 69. Nh3 {[%emt 0:00:08]} Ra6 {[%emt 0:01:37]} 70. Qb1 {[%emt 0:00:05]} Ra5 {[%emt 0:00:23]} 71. Nf2 $16 {[%emt 0:00:18]} Ra7 {[%emt 0:00:53]} 72. Nd1 {[%emt 0:00:33]} Ra6 {[%emt 0:00:16]} 73. Be1 {[%emt 0:00:46]} Ra7 {[%emt 0:00:58]} 74. Bd2 {[%emt 0:00:29]} Ra6 {[%emt 0:00:28]} 75. Qa2 {[%emt 0:00:01]} Ra7 {[%emt 0:00:30]} 76. Rb1 {[%emt 0:00:09]} Ra6 {[%emt 0:00:32]} 77. Nb2 {[%emt 0:00:03]} Nb6 {[%emt 0:00:58]} 78. Kf3 {[%emt 0:00:20]} Qa7 {[%emt 0:00:04]} 79. Nd1 {[%emt 0:00:35]} Nd7 {[%emt 0:00:40]} 80. Rb2 {[%emt 0:01:02]} Qa8 {[%emt 0:00:05]} 81. Qb1 {[%emt 0:00:03]} Ra7 {[%emt 0:00:10]} 82. Nf2 {[%emt 0:01:29]} Ra6 {[%emt 0:00:05]} 83. Nh3 {[%emt 0:00:11]} Ra7 {[%emt 0:00:06]} 84. Qc1 {[%emt 0:00:03]} Nf7 {[%emt 0:02:24]} 85. Bb1 {[%emt 0:00:39]} Ra6 {[%emt 0:00:37]} 86. Ba2 {[%emt 0:00:01]} Qd8 {[%emt 0:00:37]} 87. Qe1 {[%emt 0:01:10]} Nd6 {[%emt 0:00:07]} 88. Nf2 {[%emt 0:01:58]} Qa8 {[%emt 0:00:10]} 89. Nd1 {[%emt 0:00:08]} Ra7 {[%emt 0:00:07]} 90. Nf2 {[%emt 0:01:31]} Ra6 {[%emt 0:00:13]} 91. Qc1 {[%emt 0:00:21]} Ra7 {[%emt 0:00:23]} 92. Nh3 {[%emt 0:00:02]} Qd8 {[%emt 0:00:05]} 93. Rb5 {[%emt 0:01:45]} Nxb5 {[%emt 0:01:29]} 94. cxb5 {[%emt 0:00:01]} Rb7 {[%emt 0:01:09]} 95. Qc4 {[%emt 0:00:08]} Qb8 {[%emt 0:00:42]} 96. Qf7 {[%emt 0:00:07]} Rxb5 {[%emt 0:00:40]} 97. Bxg5 {[%emt 0:01:26]} Bxg5 98. Nxg5+ {[%emt 0:00:48]} hxg5 {[%emt 0:00:41]} 99. h6 {[%emt 0:00:21]} Qf8 {[%emt 0:00:41]} 100. Qg6+ {[%emt 0:00:18]} Kh8 {[%emt 0:00:08]} 101. hxg7+ {[%emt 0:00:05]} Qxg7 {[%emt 0:00:06]} 102. Qh5+ {[%emt 0:00:03]} Qh7 {[%emt 0:00:29]} 103. Qe8+ {[%emt 0:00:05]} Kg7 {[%emt 0:00:25]} 104. Qxd7+ {[%emt 0:00:06]} Kh8 {[%emt 0:00:51]} 105. Qe8+ {[%emt 0:00:07]} Kg7 {[%emt 0:00:09]} 106. Qe7+ {[%emt 0:00:06]} Kh6 {[%emt 0:00:06]} 107. Qf6+ {[%emt 0:00:05]} Qg6 {[%emt 0:00:06]} 108. Qxg6# {[%emt 0:00:09]} 1-0

[Event "IIFL Wealth  4th Mumbai Junior U-13"]
[Site "Mumbai"]
[Date "2018.12.31"]
[Round "2"]
[White "Divya Deshmukh"]
[Black "Sairaj Dilip Vernekar"]
[Result "1-0"]
[WhiteElo "2190"]
[BlackElo "1445"]
[Annotator "TA"]
[PlyCount "153"]
[EventDate "2018.12.30"]
[EventType "swiss"]
[EventCountry "IND"]
[SourceTitle "playchess.com"]
[Source "ChessBase"]
[SourceQuality "1"]

{[%evp 11,152,58,58,39,50,47,75,64,72,68,88,61,80,49,54,37,94,57,54,52,90,48,41,27,34,18,189,52,58,48,190,190,193,185,219,219,219,219,215,189,185,173,486,532,561,553,555,556,717,706,1075,995,1075,1046,4818,783,776,760,5406,535,533,512,704,397,340,0,651,603,603,301,280,287,287,295,306,292,376,387,380,387,387,387,387,372,359,0,382,322,631,634,1389,1234,1846,1794,1716,1646,1629,1457,5118,5110,5018,2216,5098,4994,29977,29978,29982,29982,29982,29983,29984,29985,29985,29986,29986,29987,29987,29988,29991,29992,29992,29990,29990,29991,29991,29992,29992,29993,29993,29994,29995,29994,29994,29995,29995,29996,29998,29997,29997,29998,29998,29999,29999]} 1. e4 c5 2. Nf3 e6 3. d4 cxd4 4. Nxd4 a6 5. Bd3 b5 6. O-O Bb7 {LiveBook: 25 Games} 7. Qe2 {B42: Sicilian: Kan Variation: 5 Bd3} (7. a4 b4 8. Nd2 d6 9. a5 Nd7 10. Nc4 Ngf6 11. Qe2 Be7 12. Bd2 d5 13. exd5 Nxd5 14. Rfe1 Nc5 {½-½ (90) Sai,K (2358)-Deepan Chakkravarthy,J (2509) Mumbai 2014}) 7... Nf6 8. a4 bxa4 9. Rxa4 $146 {White is better.} ({Predecessor:} 9. c4 Bc5 10. Nc2 O-O 11. e5 Ne8 12. Nc3 Nc6 13. Nxa4 Nd4 14. Qh5 Nxc2 15. Qxh7# {1-0 (15) Macak,S (2342)-Geronimi,P (1704) Calvi 2008}) 9... Be7 10. Nc3 d6 11. Be3 O-O 12. f4 Nbd7 13. Nb3 {[%cal Bd4b3,Bb3a5,Ba5c4][%mdl 32]} Nc5 (13... Qc7 $14) 14. Bxc5 dxc5 15. Na5 $36 {[%mdl 2048] White is more active.} Qb6 {...c4+ is the strong threat.} 16. Nc4 Qc7 17. f5 exf5 18. Rxf5 Bc8 $2 (18... Nd7 $11 {and Black is okay.}) 19. e5 (19. Rxf6 $1 $18 Bxf6 20. e5 Bxe5 21. Qxe5 (21. Nxe5 g6 $16) 21... Qxe5 22. Nxe5) 19... Bxf5 $14 20. Bxf5 Ne8 {[#]} (20... Rfe8 $14) 21. Bxh7+ $1 $18 {[%mdl 576] Decoy} Kxh7 22. Qe4+ {[%mdl 64] Double Attack} g6 {aiming for ...Rd8.} 23. Qxa8 Qd7 {intending ...Qd4+.} 24. Qd5 Qf5 25. Ne3 (25. Rxa6 Nc7 $14) 25... Qg5 26. Qf3 Qxe5 $2 (26... Nc7 {is more resistant.} 27. Re4 Qh5) 27. Re4 $1 {[%cal Re4e5]} Qf6 28. Qh3+ Kg7 29. Ncd5 Qxb2 30. Nxe7 {White wants to mate with N3f5+!} Qc1+ 31. Kf2 Qd2+ 32. Kf3 f5 {[#]} 33. Rh4 (33. N3xf5+ $142 $1 Rxf5+ 34. Nxf5+ {[%mdl 64] Discovered Attack} gxf5 35. Rxe8 Qd1+ 36. Kf2 Qd2+ 37. Kf1 Qc1+ 38. Re1 Qf4+ 39. Kg1) 33... Nf6 34. Rh6 ({Inferior is} 34. Qg3 Ng4 $15) 34... Ne4 35. Rh7+ (35. Rxg6+ $142 Kf7 36. Qh7+ Ke8 37. N7xf5) 35... Kf6 {[%csl Ge4][%cal Rd2f2]} 36. N7d5+ Ke6 {[%csl Ge4][%cal Rd2f2]} 37. Nf4+ Kf6 {[%csl Ge4][%cal Rd2f2]} 38. Nfd5+ $2 (38. Qh4+ Ng5+ 39. Qxg5+ {[%mdl 64] Remove Defender, Clearance} Kxg5 40. h4+ Kf6 41. Nfd5+ Ke5 42. Nc4+ {[%mdl 64] Double Attack} Kxd5 43. Nxd2) 38... Ke6 $1 {[%csl Ge4][%cal Rd2f2]} 39. Re7+ Kd6 {[%csl Ge4][%cal Rd2f2] [#]} 40. Nc4+ (40. Rd7+ $142 $3 {[%mdl 512]} Kc6 (40... Kxd7 41. Qh7+) 41. Rc7+ Kd6 42. Rd7+ Kc6 43. Rc7+ Kd6 44. Rd7+) 40... Kxd5 {[%csl Ge4][%cal Rd2f2]} 41. Nxd2 Ng5+ 42. Kf4 {Intending Qd3+ and mate.} Nxh3+ 43. gxh3 {[%mdl 4096] Endgame KRN-KR} Ra8 44. Re5+ Kd4 45. Nb3+ Kc3 46. Rxc5+ Kb2 47. Nd2 Kc1 48. Nb3+ Kb2 49. Na5 Kc1 $2 (49... Rh8 50. Rc6 Rxh3) 50. c4 Kd2 51. Rd5+ Kc3 52. c5 Kb4 53. c6 Rc8 54. Ke5 Ka4 55. Kd6 f4 56. Nc4 {White threatens Nb6+ and mate.} Kb4 57. Nb6 Rf8 58. c7 {White mates.} f3 59. c8=Q Rxc8 60. Nxc8 f2 61. Rd4+ Kb3 62. Rf4 a5 63. Nb6 g5 64. Rxf2 a4 {[#]} 65. Nxa4 $1 Kxa4 {KR-KP} 66. Rg2 Kb4 67. Rxg5 {KR-K} Kc4 68. h4 Kd4 69. h5 Ke4 70. h6 Kf4 71. h4 Ke4 72. h7 Kf4 73. h8=Q Ke4 74. Qe5+ Kd3 75. Rg3+ Kc2 76. Qe2+ Kc1 77. Rg1# {Accuracy: White = 63%, Black = 34%.} 1-0

[Event "IIFL Wealth  4th Mumbai Junior U-13"]
[Site "Mumbai"]
[Date "2018.12.31"]
[Round "2"]
[White "Pranesh M"]
[Black "Athalye Varad"]
[Result "1-0"]
[WhiteElo "2125"]
[BlackElo "1442"]
[Annotator "TA"]
[PlyCount "91"]
[EventDate "2018.12.30"]
[EventType "swiss"]
[EventCountry "IND"]
[SourceTitle "playchess.com"]
[Source "ChessBase"]
[SourceQuality "1"]

{[%evp 9,90,22,24,24,35,33,38,31,142,68,102,100,133,101,107,-27,-15,-22,-36,-52,-50,-89,-83,-208,16,-17,-10,-51,0,0,0,0,0,-28,-26,-71,5,18,66,69,71,57,78,73,100,97,99,35,72,0,88,99,87,9,30,39,34,0,10,0,120,168,149,70,1600,763,1566,1453,5832,5708,2372,2150,29982,29982,29980,1519,29981,29982,29993,29994,29998,29999,29999]} 1. e4 c5 2. Nf3 e6 3. Nc3 Nc6 4. g3 Qc7 (4... a6 5. Bg2 Qc7 6. O-O Nf6 7. Re1 h5 8. d3 d6 9. Bg5 Ng4 10. Nh4 b5 11. h3 Nf6 12. Nf3 Bb7 13. a4 b4 14. Nb1 Nh7 {0-1 (54) Salgado Lopez,I (2627)-Cheparinov,I (2688) Minsk 2017 CBM 179 [Roiz,M]}) 5. Bg2 Nf6 6. O-O {B40: Sicilian: 2...e6, Unusual lines} Be7 7. d4 cxd4 8. Nxd4 {White is slightly better.} Bb4 $146 ({Better is} 8... a6 $14) ({Predecessor:} 8... a6 9. Re1 d6 10. Nxc6 bxc6 11. e5 dxe5 12. Rxe5 O-O 13. Bf4 Qb7 14. Re3 Rd8 15. Qe2 Bd7 16. Be5 Be8 17. Ne4 Qb5 18. Nxf6+ Bxf6 19. c4 Qa5 20. Bxf6 gxf6 21. Re4 Rd2 22. Qe3 {½-½ (41) Keres,P-Vasiukov,E Tallinn (Estland) 1965}) 9. Bg5 (9. Ncb5 $16 Qb8 10. Be3) 9... Bxc3 10. bxc3 h6 11. Bf4 e5 12. Nxc6 (12. Nb5 $16 Qa5 13. Nd6+ Kf8 14. Be3) 12... dxc6 13. Be3 O-O 14. f4 {[%cal Bf2f4,Bf4f5][%mdl 32]} Ng4 15. Bc5 {[#] And now f5 would win.} Rd8 16. Qb1 (16. Qe2 $17) 16... b5 $2 ({Black should try} 16... b6 $19 17. Ba3 Ba6) 17. h3 Nf6 18. Qe1 Re8 (18... Nd7 $15 19. Ba3 Nb6) 19. f5 $11 Bb7 20. Qf2 Nd7 21. Be3 c5 22. Rae1 Rac8 (22... Nf6 $17 23. c4 (23. Bxc5 Rec8 $17) 23... bxc4) 23. g4 f6 24. h4 $1 Kf7 25. g5 hxg5 26. hxg5 Rh8 27. Qg3 Rcg8 28. Bf3 (28. Rb1 $16) 28... c4 29. Qf2 (29. Kg2 $16) 29... Rh3 (29... fxg5 $11 30. Bxg5 Nf6) 30. Bg2 $16 Rh5 31. Qg3 ({White should play} 31. Rb1 $16) 31... Nc5 32. Qg4 Rhh8 33. Kf2 Na4 34. Rh1 $36 {[%mdl 2048] [#] Rxh8 is the strong threat. White has some pressure.} Qe7 (34... Kf8 $11) 35. Rxh8 ({But not} 35. Bxa7 $6 Nxc3 36. Be3 Ke8 $14) 35... Rxh8 36. gxf6 gxf6 $2 {[%mdl 8192]} (36... Qxf6 $14 37. Rd1 Bc8) 37. Qg6+ $18 Kf8 38. Rd1 Bc6 39. Bh6+ Rxh6 40. Qxh6+ Kf7 41. Qh7+ Kf8 42. Qh8+ Kf7 43. Bf3 {[%cal Rf3h5] White mates.} Qc5+ 44. Kg2 Qe3 45. Bh5+ Ke7 46. Qg7# {Precision: White = 52%, Black = 40%.} 1-0

[Event "IIFL Wealth  4th Mumbai Junior U-13"]
[Site "Mumbai"]
[Date "2018.12.31"]
[Round "2"]
[White "Tyagi, Kushan"]
[Black "Shreyas Ravindra Patil"]
[Result "0-1"]
[WhiteElo "2042"]
[BlackElo "1110"]
[Annotator "NA"]
[PlyCount "74"]
[EventDate "2018.12.30"]
[EventType "swiss"]
[EventCountry "IND"]
[SourceTitle "playchess.com"]
[Source "ChessBase"]
[SourceQuality "1"]
[TimeControl "40/5400+30:1800+30"]

1. e4 {[%emt 0:00:00]} c5 {[%emt 0:00:00]} 2. Nf3 {[%emt 0:00:00]} d6 {[%emt 0:00:00]} 3. d4 {[%emt 0:00:00]} cxd4 {[%emt 0:00:00]} 4. Nxd4 Nf6 5. Nc3 {[%emt 0:00:41]} a6 {[%emt 0:00:14]} 6. Bc4 e6 7. Bb3 Be7 8. Be3 {[%emt 0:01:51]} O-O {[%emt 0:01:08]} 9. f3 {[%emt 0:00:04]} Nbd7 {[%emt 0:00:39]} 10. Qd2 {[%emt 0:01:12]} Nc5 {[%emt 0:00:30]} 11. O-O-O {[%emt 0:00:02] B86: Sicilian Scheveningen/Najdorf: 6 Bc4, without early ...b5} b5 {[%emt 0:00:16]} (11... Qc7 12. g4 b5 13. g5 Nfd7 14. h4 Nb6 15. g6 b4 16. Nce2 Bd7 17. h5 a5 18. h6 fxg6 19. hxg7 Rf7 20. Nf4 Nxb3+ 21. axb3 a4 22. Nfxe6 axb3 23. Qxb4 Bxe6 24. c3 Nc4 25. Nxb3 Nxe3 {0-1 (25) Ravic,N (2181)-Perunovic,M (2655) Belgrade 2016}) 12. Kb1 Bb7 13. g4 Rc8 14. h4 {[%emt 0:02:11]} b4 $146 {[%emt 0:02:18]} ({Predecessor:} 14... Nfd7 15. Rdg1 Nxb3 16. axb3 b4 17. Na4 {0-1 (48) Gyuricsek,S (1710)-Batora,M (1951) Slovakia 2018}) 15. Na4 Nxb3 16. axb3 {[%emt 0:02:25]} d5 {[%emt 0:02:09]} 17. h5 dxe4 18. g5 Nd5 19. h6 {[%emt 0:04:11]} g6 {[%emt 0:02:25]} 20. Bf4 Nxf4 21. Qxf4 Bxg5 22. Qe5 {[%emt 0:05:46]} Qf6 {[%emt 0:01:08]} 23. Qxf6 Bxf6 24. Nb6 Rcd8 25. Ne2 {[%emt 0:05:00]} exf3 {[%emt 0:01:12]} 26. Nf4 f2 27. Rhf1 Rxd1+ 28. Rxd1 Be5 29. Nxg6 fxg6 30. Nd7 f1=Q 31. Rxf1 Rxf1+ 32. Ka2 Bd4 33. Nb8 a5 34. c3 bxc3 35. bxc3 Bxc3 36. b4 Bd5+ 37. Ka3 {[%emt 0:21:55]} Ra1# {[%emt 0:06:00]} 0-1

[Event "IIFL Wealth  4th Mumbai Junior U-13"]
[Site "Mumbai"]
[Date "2018.12.31"]
[Round "2"]
[White "Kadam Om Manish"]
[Black "Singh, Arjun Kumar"]
[Result "1-0"]
[WhiteElo "1944"]
[BlackElo "1461"]
[Annotator "NA RC"]
[PlyCount "61"]
[EventDate "2018.12.30"]
[EventType "swiss"]
[EventCountry "IND"]
[SourceTitle "playchess.com"]
[Source "ChessBase"]
[SourceQuality "1"]
[TimeControl "40/5400+30:1800+30"]

{[%evp 10,61,41,32767,32767,32767,2,0,0,-39,0,-6,-7,32767,-21,-21,-28,-23,-12,-28,-20,-22,6,0,32767,0,32767,32767,32767,32767,22,54,62,72,60,55,46,32767,0,19,402,287,384,32767,32767,32767,32767,32767,32767,32767,32767,32767,29996,29997]} 1. e4 {[%emt 0:00:00]} c5 {[%emt 0:00:57]} 2. Nf3 {[%emt 0:00:00]} e6 {[%emt 0:02:06]} 3. d4 {[%emt 0:00:00]} cxd4 {[%emt 0:02:21]} 4. Nxd4 {[%emt 0:00:05]} a6 {[%emt 0:00:48]} 5. Nc3 {[%emt 0:01:33]} Qc7 {[%emt 0:02:15]} 6. Bd3 {[%emt 0:01:21]} Nf6 {[%emt 0:00:30]} 7. Nb3 {[%emt 0:01:57] B43: Sicilian: Kan Variation: 5 Nc3} (7. f4 Bb4 8. Bd2 Bxc3 9. Bxc3 Qxf4 10. Qe2 Nc6 11. Rf1 Qh4+ 12. g3 Qg4 13. Nxc6 dxc6 14. Rxf6 Qxe2+ 15. Kxe2 gxf6 16. Bxf6 {1-0 (32) Grischuk,A (2766)-Caruana,F (2816) Leuven 2018}) 7... b5 {[%emt 0:04:18] LiveBook: 4 Games} 8. a3 {[%emt 0:02:08]} Bb7 {[%emt 0:00:27]} 9. Be3 {[%emt 0:00:08]} Be7 {[%emt 0:01:22]} 10. f4 {[%emt 0:04:03]} d6 {[%emt 0:01:18]} 11. Qe2 {[%emt 0:01:01]} Nbd7 {[%emt 0:04:23]} 12. O-O {[%emt 0:00:57]} O-O {[%emt 0:02:35]} 13. Rad1 {[%emt 0:01:18]} Nc5 {[%emt 0:01:42]} 14. Nxc5 {[%emt 0:04:06]} dxc5 {[%emt 0:00:15]} 15. e5 $146 {[%emt 0:00:28]} Nd5 {[%emt 0:02:13]} 16. Nxd5 {[%emt 0:04:54]} Bxd5 {[%emt 0:02:54]} 17. c4 {[%emt 0:02:37]} Bxc4 {[%emt 0:01:18]} 18. Bxc4 {[%emt 0:00:09]} bxc4 {[%emt 0:00:07]} 19. Qxc4 {[%emt 0:00:55]} Rab8 {[%emt 0:00:52]} 20. b4 {[%emt 0:04:00]} Rfc8 {[%emt 0:01:35]} 21. Rc1 {[%emt 0:02:35]} Rb5 {[%emt 0:00:44]} 22. Rc2 {[%emt 0:02:28]} Qb6 {[%emt 0:00:22]} 23. Rfc1 {[%emt 0:13:11]} a5 {[%emt 0:06:04]} 24. bxc5 {[%emt 0:11:47]} Bxc5 $2 {[%emt 0:00:15]} (24... Rbxc5 $11 {and Black stays safe.} 25. Bxc5 Rxc5 26. Qxc5 (26. Qd4 $2 Rxc2 27. Qxb6 Rxc1+ 28. Kf2 Bc5+ 29. Qxc5 Rxc5 $19) 26... Bxc5+ 27. Rxc5 h6) 25. Kh1 {[%emt 0:03:15]} ({Not} 25. Bxc5 Rcxc5 26. Qxc5 Rxc5 $11) 25... h6 $2 {[%emt 0:00:58]} (25... g6 {was worth a try.}) 26. a4 {[%emt 0:01:50]} Rb4 {[%emt 0:00:12]} 27. Qe2 {[%emt 0:00:10]} Bxe3 {[%emt 0:00:55]} 28. Rxc8+ {[%emt 0:00:05]} Kh7 {[%emt 0:00:05]} 29. Qd3+ {[%emt 0:00:13]} g6 {[%emt 0:00:16]} 30. Qd7 {[%emt 0:00:31]} Rxf4 {[%emt 0:00:42] [#]} 31. Qe8 {[%emt 0:00:29]} 1-0